Profilovanie/migrácia distribučného kanála ako determinant tvorby hodnoty v maloobchode

Implementácia nových spôsobov spojenia výroby a spotreby, ktorá je predmetom skúmania moderného marketingu a distribúcie. Problematika distribučného kanála a model profilovania. Tvorba hodnoty v maloobchode a odporúčania pre prax obchodných podnikov.

Uložené v:
Podrobná bibliografia
Hlavný autor: Francová, Zuzana, 1971-
Médium: Kapitola
Jazyk:Slovak
Predmet:
Tagy: Pridať tag
Žiadne tagy, Buďte prvý, kto otaguje tento záznam!

MARC

LEADER 00000naa$a2200000$$$4500
001 0211710
005 20240502073530.8
041 0 |a slo 
044 |a SK 
245 1 0 |a Profilovanie/migrácia distribučného kanála ako determinant tvorby hodnoty v maloobchode  |c Zuzana Francová 
520 |a Implementácia nových spôsobov spojenia výroby a spotreby, ktorá je predmetom skúmania moderného marketingu a distribúcie. Problematika distribučného kanála a model profilovania. Tvorba hodnoty v maloobchode a odporúčania pre prax obchodných podnikov. 
610 2 0 |a marketing 
610 2 0 |a stratégia distribučná 
610 2 0 |a distribúcia 
610 2 0 |a dodávatelia 
610 2 0 |a predaj 
610 2 0 |a odbyt 
610 2 0 |a produkty 
610 2 0 |a manažment produktový 
610 2 0 |a kanály distribučné 
100 1 |a Francová, Zuzana, 1971-